书目信息 |
| 题名: |
通俗哲学
|
|
| 作者: | 韩树英 主编 | |
| 分册: | ||
| 出版信息: | 北京 中国青年出版社 1982.01 |
|
| 页数: | 506页 | |
| 开本: | 20cm | |
| 丛书名: | ||
| 单 册: | ||
| 中图分类: | B0 | |
| 科图分类: | ||
| 主题词: | 哲学理论 | |
| 电子资源: | ||
| ISBN: | ||
| 000 | 00470nam0 2200181 45 | |
| 001 | 0181023995 | |
| 005 | 20070719141155.70 | |
| 010 | @dCNY1.20 | |
| 100 | @a20810111d km y0chiy0120 ea | |
| 101 | 0 | @achi |
| 200 | 1 | @a通俗哲学@ATONG SU ZHE XUE@f韩树英主编@FHan Shu Ying Zhu Bian |
| 210 | @a北京@c中国青年出版社@d1982.01 | |
| 215 | @a506页@d20cm | |
| 606 | 0 | @a哲学理论 |
| 690 | @aB0@v3 | |
| 701 | 0 | @a韩树英@4主编 |
| 801 | @aCN@bTSTC@c20070719 | |
| 905 | @dB0@e1@f1@b57930 | |
| 通俗哲学/韩树英主编.-北京:中国青年出版社,1982.01 |
| 506页;20cm |
| ISBN :CNY1.20 |
| ● |
| 相关链接 |
|
|
|
|
正题名:通俗哲学
索取号:B0/1
 
预约/预借
| 序号 | 登录号 | 条形码 | 馆藏地/架位号 | 状态 | 备注 |
| 1 | 0057926 | 202304675 | 密集书库/ [索取号:B0/1] | 在馆 | |
| 2 | 0057927 | 001799254 | 密集书库/ [索取号:B0/1] | 在馆 | |
| 3 | 0057928 | 000577815 | 密集书库/ [索取号:B0/1] | 在馆 | |
| 4 | 0057929 | 001981270 | 密集书库/ [索取号:B0/1] | 在馆 | |
| 5 | 0057930 | 001389973 | 第一样本阅览室/ [索取号:B0/1] | 在馆 | |
| 6 | 0061132 | 000785127 | 密集书库/ [索取号:B0/1] | 在馆 | |
| 7 | 0421433 | 204214331 | 密集书库/ [索取号:B0/1] | 在馆 | |
| 8 | 0460321 | 204603214 | 密集书库/ [索取号:B0/1] | 在馆 | |
| 9 | 0460322 | 204603223 | 密集书库/ [索取号:B0/1] | 在馆 | |
| 10 | 0767330 | 207673301 | 密集书库/ [索取号:B0/1] | 在馆 |